| 000 | 00000nam 2200000za 4500 |
| 001 | 9.818382 |
| 003 | CaOODSP |
| 005 | 20221107142714 |
| 007 | cr ||||||||||| |
| 008 | 160526s2011 onc|||||o f|0| 0 eng d |
| 020 | |z978-0-660-66606-8 |
| 040 | |aCaOODSP|beng |
| 043 | |an-cn--- |
| 086 | 1 |aBT42-2/2014E-PDF |
| 245 | 00|aAgreement between the Treasury Board and the Public Service Alliance of Canada |h[electronic resource] : |bgroup: operational services (all employees). |
| 260 | |aOttawa : |bTreasury Board of Canada Secretariat, |cc2011. |
| 300 | |axi, 346 p. |
| 500 | |aThe catalogue number (BT42-2/2014) and ISBN (978-0-660-66606-8) for the print edition have been copied in this electronic publication. |
| 500 | |aIssued also in French under title: Convention entre le Conseil du trésor et l'Alliance de la fonction publique du Canada : groupe : services de l'exploitation (tous les employé-e-s). |
| 500 | |a"Expiry date: 4 August, 2014." |
| 500 | |a"Code: 602/652, 603/653, 604/654, 605/655, 606/656, 607/657, 659." |
| 692 | 07|2gccst|aCollective agreements |
| 710 | 1 |aCanada. |bTreasury Board. |
| 775 | 08|tConvention entre le Conseil du trésor et l'Alliance de la fonction publique du Canada |w(CaOODSP)9.818385 |
| 776 | 0#|tGroup: Operational Services (all employees) : |w(CaOODSP)9.553790 |
| 794 | |tAgreement between the Treasury Board and the Public Service Alliance of Canada |w(CaOODSP)9.837748 |
| 856 | 40|qPDF|s1.34 MB|uhttps://publications.gc.ca/collections/collection_2016/sct-tbs/BT42-2-2014-eng.pdf |